Lenguas Indígenas de México en un Mapa - Estadísticas

Estadísticas generales
  • Esta prueba ha sido intentada 51 veces
  • La puntuación promedio es 7 de 20
Respuestas en el mapa
Las respuestas están codificadas por una escala verde-roja en el mapa de la prueba según el % correcto abajo.
 
Estadísticas de respuestas
Country % Correcto
Náhuatl
97%
Otomí
59%
Zapoteco
59%
Tarahumara
54%
Mixteco
51%
Purépecha
49%
Maya Yucateco
46%
Huasteco
33%
Totonaco
31%
Tsotsil
31%
Tseltal
23%
Chontal de Tabasco
21%
Mazahua
21%
Mazateco
18%
Chinanteco
15%
Ch'ol
15%
Mixe
15%
Zoque
15%
Tlapaneco
13%
Tojolab'al
10%
No se encontraron pruebas coincidentes
Distribución de puntuación
Porcentaje de gente con cada puntuación
Porcentaje por número respondido
Historial de tus puntuaciones
No has intentado esta prueba.